000
00339nam a2200145Ia 4500
999
_c
14329
_d
14329
003
OSt
005
20260218172704.0
008
260210s9999 xx 000 0 und d
020
_a
9780727741417
100
_a
Lennon Tom
245
0
_a
Structural Fire Engineering
260
_b
ICE Publishing
_a
London
300
_a
179p;
942
_c
UG
_2
ddc